Africa (Record no. 12663)

MARC details
000 -LEADER
fixed length control field 01844cam a2200433Ia 4500
001 - CONTROL NUMBER
control field 9780203153499
003 - CONTROL NUMBER IDENTIFIER
control field BD-DhSAU
005 - DATE AND TIME OF LATEST TRANSACTION
control field 20151012151720.0
006 - FIXED-LENGTH DATA ELEMENTS--ADDITIONAL MATERIAL CHARACTERISTICS
fixed length control field a|||||s|||||||||||
007 - PHYSICAL DESCRIPTION FIXED FIELD--GENERAL INFORMATION
fixed length control field cr||||
008 - FIXED-LENGTH DATA ELEMENTS--GENERAL INFORMATION
fixed length control field 130212s2012 enkabd sb 001 0 eng d
020 ## - INTERNATIONAL STANDARD BOOK NUMBER
International Standard Book Number 9780203153499 (e-book : PDF)
040 ## - CATALOGING SOURCE
Original cataloging agency BD-DhSAU
Transcribing agency BD-DhSAU
043 ## - GEOGRAPHIC AREA CODE
Geographic area code f------
090 ## - LOCALLY ASSIGNED LC-TYPE CALL NUMBER (OCLC); LOCAL CALL NUMBER (OCLC)
Classification number (OCLC) (R) ; Classification number, CALL (RLIN) (NR) DT6.7
Local cutter number (OCLC) ; Book number/undivided call number, CALL (RLIN) .B56 2012
092 ## - LOCALLY ASSIGNED DEWEY CALL NUMBER (OCLC)
Classification number 960
Item number B614
100 1# - MAIN ENTRY--PERSONAL NAME
Personal name Binns, Tony.
245 10 - TITLE STATEMENT
Title Africa
Medium [electronic resource] :
Remainder of title diversity and development /
Statement of responsibility, etc. Tony Binns, Alan Dixon and Etienne Nel.
260 ## - PUBLICATION, DISTRIBUTION, ETC. (IMPRINT)
Place of publication, distribution, etc. Milton Park, Abingdon, Oxon ;
-- New York, N.Y. :
Name of publisher, distributor, etc. Routledge,
Date of publication, distribution, etc. 2012.
300 ## - PHYSICAL DESCRIPTION
Extent xvii, 414 p. :
Other physical details ill., maps.
500 ## - GENERAL NOTE
General note "Simultaneously published in the USA and Canada"--T.p. verso.
504 ## - BIBLIOGRAPHY, ETC. NOTE
Bibliography, etc Includes bibliographical references and index.
505 0# - FORMATTED CONTENTS NOTE
Formatted contents note ch. 1. Africa : continuity and change -- ch. 2. Africa's people -- ch. 3. African environments -- ch. 4. Rural Africa -- ch. 5. Urban Africa -- ch. 6. Health and development -- ch. 7. Conflict and post-conflict -- ch. 8. African economies -- ch. 9. Developing Africa -- ch. 10. What future for Africa?
530 ## - ADDITIONAL PHYSICAL FORM AVAILABLE NOTE
Additional physical form available note Also available in print edition.
538 ## - SYSTEM DETAILS NOTE
System details note Mode of access: World Wide Web.
651 #0 - SUBJECT ADDED ENTRY--GEOGRAPHIC NAME
Geographic name Africa
General subdivision Geography.
651 #0 - SUBJECT ADDED ENTRY--GEOGRAPHIC NAME
Geographic name Africa
General subdivision Social conditions.
650 #0 - SUBJECT ADDED ENTRY--TOPICAL TERM
Topical term or geographic name as entry element Social change
Geographic subdivision Africa.
650 #0 - SUBJECT ADDED ENTRY--TOPICAL TERM
Topical term or geographic name as entry element Social conflict
Geographic subdivision Africa.
650 #0 - SUBJECT ADDED ENTRY--TOPICAL TERM
Topical term or geographic name as entry element Cultural pluralism
Geographic subdivision Africa.
651 #0 - SUBJECT ADDED ENTRY--GEOGRAPHIC NAME
Geographic name Africa
General subdivision Economic conditions.
650 #0 - SUBJECT ADDED ENTRY--TOPICAL TERM
Topical term or geographic name as entry element Economic development
Geographic subdivision Africa.
651 #0 - SUBJECT ADDED ENTRY--GEOGRAPHIC NAME
Geographic name Africa
General subdivision Environmental conditions.
655 #7 - INDEX TERM--GENRE/FORM
Genre/form data or focus term Electronic books.
Source of term lcsh
700 1# - ADDED ENTRY--PERSONAL NAME
Personal name Dixon, Alan,
Dates associated with a name 1972-
700 1# - ADDED ENTRY--PERSONAL NAME
Personal name Nel, E. L.
776 1# - ADDITIONAL PHYSICAL FORM ENTRY
International Standard Book Number 9780415413671 (hardback : alk. paper)
-- 9780415413688 (pbk. : alk. paper)
856 40 - ELECTRONIC LOCATION AND ACCESS
Uniform Resource Identifier <a href="http://www.tandfebooks.com/isbn/9780203153499">http://www.tandfebooks.com/isbn/9780203153499</a>

No items available.